Historia de la vida y hechos del Emperador Carlos V... / (Record n. 6921)

Dettagli MARC
000 -LEADER
fixed length control field 00943nam a2200253 i 4500
003 - CONTROL NUMBER IDENTIFIER
control field IT-RoINE
005 - DATE AND TIME OF LATEST TRANSACTION
control field 20200520071531.0
008 - FIXED-LENGTH DATA ELEMENTS--GENERAL INFORMATION
fixed length control field 001122m19551956sp r 001 spa d
040 ## - CATALOGING SOURCE
Original cataloging agency USA.GHIS
Transcribing agency IT-RoINE
Modifying agency IT-RoINE
100 1# - MAIN ENTRY--PERSONAL NAME
Personal name Sandoval, Prudencio de,
9 (RLIN) 9682
Dates associated with a name 1551?-1620
245 10 - TITLE STATEMENT
Title Historia de la vida y hechos del Emperador Carlos V... /
Statement of responsibility, etc Fray Prudencio de Sandoval ; edición y estudio preliminar de Carlos Seco Serrano.
260 ## - PUBLICATION, DISTRIBUTION, ETC. (IMPRINT)
Place of publication, distribution, etc Madrid :
Name of publisher, distributor, etc Atlas,
Date of publication, distribution, etc 1955-1956.
300 ## - PHYSICAL DESCRIPTION
Extent 3 v. ;
Dimensions 26 cm.
336 ## - CONTENT TYPE
Source rdacontent
Content type term text
337 ## - MEDIA TYPE
Source rdamedia
Media type term unmediated
338 ## - CARRIER TYPE
Source rdacarrier
Carrier type term volume
490 1# - SERIES STATEMENT
Series statement Biblioteca de autores españoles ;
Volume number/sequential designation 80-81-82
500 ## - GENERAL NOTE
General note Incluye índice.
651 #4 - SUBJECT ADDED ENTRY--GEOGRAPHIC NAME
Geographic name España
General subdivision Historia
Chronological subdivision 1516-1556 (Carlos I)
9 (RLIN) 7104
600 04 - SUBJECT ADDED ENTRY--PERSONAL NAME
9 (RLIN) 7103
Personal name Carlos
Numeration I,
Titles and other words associated with a name Rey de España,
Dates associated with a name 1500-1558
700 1# - ADDED ENTRY--PERSONAL NAME
Personal name Seco Serrano, Carlos,
9 (RLIN) 7279
Dates associated with a name 1923-
830 #0 - SERIES ADDED ENTRY--UNIFORM TITLE
9 (RLIN) 12318
Uniform title Biblioteca de autores españoles
942 ## - ADDED ENTRY ELEMENTS (KOHA)
Item type Monografías
Dati di copia
Withdrawn status Lost status Damaged status Not for loan Home library Current library Date acquired Total Checkouts Full call number Barcode Date last seen Price effective from Koha item type Public note
        Iglesia Nacional Española en Roma Iglesia Nacional Española en Roma 04/02/2015   COL.A 20.80 10574 04/02/2015 04/02/2015 Monografías Tomo I.
        Iglesia Nacional Española en Roma Iglesia Nacional Española en Roma 04/02/2015   COL.A 20.81 10576 04/02/2015 04/02/2015 Monografías Tomo II.
        Iglesia Nacional Española en Roma Iglesia Nacional Española en Roma 04/02/2015   COL.A 20.82 10577 04/02/2015 04/02/2015 Monografías Tomo III.